[Event "GER-ch Seniors 23rd"]
[Site "Halle"]
[Date "2011.08.13"]
[Round "9"]
[White "Botwinovskyy, Borys"]
[Black "Josting, Friedel"]
[Result "1/2-1/2"]
[WhiteElo "1847"]
[BlackElo "2000"]
[PlyCount "58"]
[EventDate "2011.08.05"]
[EventType "swiss"]
[EventRounds "9"]
[EventCountry "GER"]
[SourceTitle "CBM 144 Extra"]
[Source "ChessBase"]
[SourceDate "2011.10.28"]
[SourceVersion "1"]
[SourceVersionDate "2011.10.28"]
[SourceQuality "1"]

1. c4 c5 2. Nc3 Nc6 3. Nf3 g6 4. g3 Bg7 5. Bg2 d6 6. 0-0 e6 7. Ne1 Nge7 8. e4 0-0 9. Nc2 a6 10. Rb1 Qc7 11. d3 Rb8 12. a4 Bd7 13. Bf4 h6 14. h4 Nd4 15. Nxd4 cxd4 16. Ne2 b5 17. cxb5 axb5 18. Qd2 Kh7 19. Rfc1 Qb6 20. a5 Qa6 21. Qb4 e5 22. Bd2 Rfc8 23. Kh2 Bf8 24. Qa3 Nc6 25. b4 Rc7 26. Bh3 Bxh3 27. Kxh3 Rbc8 28. Qb3 Kg7 29. Rb2 Nd8 1/2-1/2

[Event "GER-ch Seniors 23rd"]
[Site "Halle"]
[Date "2011.08.05"]
[Round "1"]
[White "Botwinovskyy, Borys"]
[Black "Benne, Horst"]
[Result "0-1"]
[WhiteElo "1847"]
[BlackElo "2134"]
[PlyCount "69"]
[EventDate "2011.08.05"]
[EventType "swiss"]
[EventRounds "9"]
[EventCountry "GER"]
[SourceTitle "CBM 144 Extra"]
[Source "ChessBase"]
[SourceDate "2011.10.28"]
[SourceVersion "1"]
[SourceVersionDate "2011.10.28"]
[SourceQuality "1"]

1. c4 Nf6 2. Nc3 d5 3. cxd5 Nxd5 4. e4 Nxc3 5. bxc3 g6 6. d4 Bg7 7. Ba3 0-0 8. Bc4 Nc6 9. Ne2 Na5 10. Bd3 b6 11. 0-0 Bb7 12. Qc2 Rc8 13. Rad1 Qd7 14. f4 Rfd8 15. f5 c5 16. fxg6 hxg6 17. dxc5 bxc5 18. Bc4 Nxc4 19. Rxd7 Rxd7 20. Bc1 Rcd8 21. Qb3 Ne5 22. Ng3 Ba6 23. Re1 Bc4 24. Qa4 Be6 25. Be3 Nd3 26. Rd1 Bxc3 27. h3 Be5 28. Ne2 c4 29. Qa5 Bf6 30. Kh2 Rc8 31. Nc3 Be5+ 32. g3 Rb8 33. Rd2 Bf6 34. g4 Rdb7 35. h4 0-1

[Event "Leipzig VfB op 18th"]
[Site "Leipzig"]
[Date "2011.03.27"]
[Round "9"]
[White "Botwinovskyy, Borys"]
[Black "Grosse, Marcus"]
[Result "0-1"]
[WhiteElo "1875"]
[BlackElo "1968"]
[PlyCount "50"]
[EventDate "2011.03.20"]
[EventType "swiss"]
[EventRounds "9"]
[EventCountry "GER"]
[SourceTitle "CBM 141 Extra"]
[Source "ChessBase"]
[SourceDate "2011.05.03"]
[SourceVersion "1"]
[SourceVersionDate "2011.05.03"]
[SourceQuality "1"]

1. Nf3 c5 2. c4 Nc6 3. Nc3 g6 4. d4 cxd4 5. Nxd4 Bg7 6. Nxc6 bxc6 7. g3 Rb8 8. Qc2 c5 9. Bg2 Nf6 10. Bf4 d6 11. 0-0 0-0 12. Rad1 Bb7 13. e4 Nd7 14. Bg5 h6 15. Be3 a6 16. b3 Re8 17. h4 Qa5 18. Nd5 Ne5 19. Bd2 Qd8 20. Bc3 Nc6 21. h5 e6 22. Bxg7 Kxg7 23. Qc3+ Nd4 24. Nf4 e5 25. Nd5 Ne2+ 0-1

[Event "Leipzig VfB op 18th"]
[Site "Leipzig"]
[Date "2011.03.26"]
[Round "7"]
[White "Botwinovskyy, Borys"]
[Black "Ulrich, Gert"]
[Result "1-0"]
[WhiteElo "1875"]
[BlackElo "1746"]
[PlyCount "53"]
[EventDate "2011.03.20"]
[EventType "swiss"]
[EventRounds "9"]
[EventCountry "GER"]
[SourceTitle "CBM 141 Extra"]
[Source "ChessBase"]
[SourceDate "2011.05.03"]
[SourceVersion "1"]
[SourceVersionDate "2011.05.03"]
[SourceQuality "1"]

1. Nf3 d5 2. c4 d4 3. g3 c5 4. Bg2 Nc6 5. 0-0 e5 6. d3 Be7 7. e3 Bg4 8. h3 Be6 9. exd4 exd4 10. Nbd2 Qd7 11. Kh2 g5 12. Ne4 g4 13. Nfg5 gxh3 14. Bf3 Nf6 15. Nxf6+ Bxf6 16. Nxe6 fxe6 17. Bh5+ Ke7 18. Bg4 Rag8 19. Bf4 Ne5 20. Bxe5 Bxe5 21. Re1 Qc7 22. f4 Bxf4 23. Rxe6+ Kf7 24. Qf3 Rxg4 25. Qxg4 Bxg3+ 26. Kxh3 Rg8 27. Qf5+ 1-0

[Event "Leipzig VfB op 16th"]
[Site "Leipzig"]
[Date "2009.04.04"]
[Round "8"]
[White "Botwinovskyy, Borys"]
[Black "Shahin, Walid"]
[Result "0-1"]
[WhiteElo "1861"]
[BlackElo "2078"]
[PlyCount "80"]
[EventDate "2009.03.31"]
[EventType "swiss"]
[EventRounds "9"]
[EventCountry "GER"]
[SourceTitle "EXT 2010"]
[Source "ChessBase"]
[SourceDate "2010.11.25"]
[SourceVersion "1"]
[SourceVersionDate "2010.11.25"]
[SourceQuality "1"]

1. e4 e6 2. d4 d5 3. Nd2 Nf6 4. e5 Nfd7 5. Bd3 c5 6. c3 Nc6 7. Ne2 cxd4 8. cxd4 Qb6 9. Nf3 f6 10. exf6 Nxf6 11. 0-0 Bd6 12. Re1 0-0 13. Ng3 Kh8 14. Bb1 Bd7 15. a3 Rae8 16. Qd3 e5 17. dxe5 Nxe5 18. Nxe5 Bxe5 19. Be3 Qxb2 20. Ra2 Qc3 21. Rc1 Qxd3 22. Bxd3 d4 23. Bd2 Nd5 24. Ne2 Rc8 25. Rac2 Rxc2 26. Rxc2 Rc8 27. Rxc8+ Bxc8 28. f4 Bf6 29. h3 Nc3 30. Nxc3 dxc3 31. Be3 a6 32. Bb6 Be6 33. Bc2 Bh4 34. Kf1 Bc4+ 35. Kg1 Kg8 36. Kh2 Be1 37. g4 Bf7 38. Bd4 b5 39. g5 a5 40. Bc5 a4 0-1